[Event "Rodovremesterskabet Gruppe A 2009"]
[Site "Rodovre"]
[Date "2009.10.13"]
[Round "7"]
[White "Ohayv, Nikolaj"]
[Black "Hjort, Helge"]
[Result "1/2-1/2"]
[WhiteElo "1800"]
[BlackElo "1828"]
[PlyCount "61"]
[EventDate "2009.??.??"]

1. e4 c5 2. Nc3 Nc6 3. f4 g6 4. Nf3 Bg7 5. g3 d6 6. Bg2 e5 7. d3 Nge7 8. O-O
O-O 9. f5 gxf5 10. Nh4 f4 11. gxf4 exf4 12. Bxf4 Ng6 13. Nxg6 hxg6 14. Qf3 Be6
15. Qg3 Be5 16. Bxe5 Nxe5 17. Ne2 Kg7 18. Nf4 Rh8 19. Nxe6+ fxe6 20. Rf4 Qe7
21. Raf1 Raf8 22. Rxf8 Rxf8 23. Rxf8 Qxf8 24. c3 Qf6 25. d4 cxd4 26. cxd4 Nc6
27. e5 dxe5 28. Bxc6 bxc6 29. dxe5 Qf5 30. Kg2 Qe4+ 31. Kh3 1/2-1/2

[Event "Rodovremesterskabet Gruppe A 2009"]
[Site "Rodovre"]
[Date "2009.10.13"]
[Round "7"]
[White "Andersen, Svend Erik"]
[Black "Helleshoj, Knud Erik"]
[Result "0-1"]
[WhiteElo "1814"]
[BlackElo "1599"]
[PlyCount "70"]
[EventDate "2009.??.??"]

1. e4 c5 2. Nc3 d6 3. Bc4 Nc6 4. f4 Nf6 5. Nf3 e6 6. O-O Be7 7. Kh1 O-O 8. d4
cxd4 9. Nxd4 Nxd4 10. Qxd4 a6 11. Be3 Qc7 12. Rf3 b5 13. Bd3 Bb7 14. Rh3 e5 15.
Qb6 Qxb6 16. Bxb6 exf4 17. Nd5 Bxd5 18. exd5 h6 19. Re1 Rfe8 20. c4 Ng4 21.
cxb5 Ne5 22. Rxe5 dxe5 23. a4 Rec8 24. Kg1 Bc5+ 25. Bxc5 Rxc5 26. bxa6 Rxd5 27.
Kf1 Ra7 28. Ke2 e4 29. Bb5 e3 30. b3 Kh7 31. g3 Rd2+ 32. Kf3 Rf2+ 33. Ke4 e2
34. Bxe2 Rxe2+ 35. Kxf4 Rxa6 0-1

[Event "Rodovremesterskabet Gruppe A 2009"]
[Site "Rodovre"]
[Date "2009.10.20"]
[Round "7"]
[White "Bauers, Sten"]
[Black "Smidt, Johnny"]
[Result "1-0"]
[WhiteElo "1586"]
[BlackElo "1656"]
[PlyCount "41"]
[EventDate "2009.??.??"]

1. e4 c5 2. Nf3 Nc6 3. d4 cxd4 4. c3 d3 5. Qxd3 g6 6. g3 Bg7 7. Bg2 Nf6 8. O-O
d6 9. Na3 O-O 10. Be3 Ng4 11. Bd2 Bd7 12. Rad1 Rc8 13. h3 Nge5 14. Nxe5 Nxe5
15. Qe3 Ba4 16. b3 Bc6 17. c4 Nd7 18. Bc3 Nf6 19. e5 Bxg2 20. exf6 exf6 21.
Kxg2 1-0